<?xml version="1.0" encoding="UTF-8"?>
<marc:record xmlns:marc="http://www.loc.gov/MARC21/slim">
   <marc:leader>00000nam a2200000 a 4500</marc:leader>
   <marc:datafield ind1="1" ind2=" " tag="100">
      <marc:subfield code="a">Habersack, Charlotte</marc:subfield>
      <marc:subfield code="4">aut</marc:subfield>
      <marc:subfield code="e">Verfasser/-in</marc:subfield>
   </marc:datafield>
   <marc:datafield ind1=" " ind2=" " tag="653">
      <marc:subfield code="a">Magie</marc:subfield>
   </marc:datafield>
   <marc:datafield ind1=" " ind2=" " tag="653">
      <marc:subfield code="a">Humor</marc:subfield>
   </marc:datafield>
   <marc:datafield ind1=" " ind2=" " tag="653">
      <marc:subfield code="a">Einhorn</marc:subfield>
   </marc:datafield>
   <marc:datafield ind1="0" ind2="0" tag="245">
      <marc:subfield code="a">Bitte nicht öffnen 5: Magic!</marc:subfield>
   </marc:datafield>
   <marc:datafield ind1=" " ind2="1" tag="264">
      <marc:subfield code="b">Carlsen</marc:subfield>
      <marc:subfield code="c">2020</marc:subfield>
   </marc:datafield>
   <marc:datafield ind1="1" ind2=" " tag="490">
      <marc:subfield code="a">Bitte nicht öffnen</marc:subfield>
   </marc:datafield>
   <marc:datafield ind1="1" ind2=" " tag="520">
      <marc:subfield code="a">Angaben aus der Verlagsmeldung        Bitte nicht öffnen 5: Magic! / von Charlotte Habersack       "Bitte nicht öffnen!" steht auf dem geheimnisvollen Päckchen, das Nemo bekommt. Also macht Nemo es auf ...      BAND 5: Ding-dong, ein neues Päckchen ist da! Und was ist diesmal drin? Wow! Ein Einhorn namens Magic. Es rülpst, es pupst  und das Beste: Es kann Wünsche erfüllen! Nemo, Oda und Fred können ihr Glück kaum fassen. Jetzt können sie all ihre Träume wahr werden lassen! Und die der Boringer Bürger. Und das ist doch super  oder etwa nicht?    Band 5 der Kinderbuch-Bestsellerreihe: ein neues lustiges Abenteuer rund um Schule, Freundschaft und ein verlorenes Wesen, das nach Hause will!    Voller überraschender Wendungen, Sprachwitz und mit vielen Bildern vom unverwechselbaren Fréderic Bertrand.     Das perfekte Buch für Jungs und Mädchen ab 8  und ihre Eltern!</marc:subfield>
   </marc:datafield>
   <marc:datafield ind1=" " ind2=" " tag="020">
      <marc:subfield code="a">9783551652157</marc:subfield>
      <marc:subfield code="9">9783551652157</marc:subfield>
   </marc:datafield>
</marc:record>
